000
00300 a2200121 4500
000
nam a22 7a 4500
005
20260306124309.0
020
_a
9781032583990
100
_a
Paolo Provero
_9
1123658
245
_a
Principles of Computational Genomics
260
_b
CRC Press
_c
2025
942
_c
TEXL
999
_c
1688492
_d
1688492